Statistiques concernant Nomme les 10 Pays avec les Plus de Lacs!

Cliquez ici pour prendre le quiz!

Statistiques générales

  • Ce quiz a été pris 189 fois
    (184 depuis la dernière actualisation)
  • Le résultat moyen est 9 sur 11

Statistiques - réponses

HintRéponse% Correct
879,800 lacsCanada
99%
201,200 lacsRussie
98%
102,500 lacsÉtats unis
96%
20,900 lacsBrésil
93%
23,800 lacsChine
93%
22,600 lacsSuède
86%
"La lande de 1000 lacs"Finlande
85%
20,000 lacsNorvège
85%
11,400 lacsAustralie
78%
13,600 lacsArgentine
77%
12,400 lacsKazakhstan
49%

Distribution des résultats

Percentile par nombre de réponses

% des personnes avec chaque résultat

Votre développement - résultats

Vous n’avez pas pris ce quiz depuis la dernière actualisation